The Fractional precipitation of some ore-forming compounds at moderate temperatures / (Record no. 25589)

MARC details
000 -LEADER
fixed length control field 00689cam a22002051 4500
001 - CONTROL NUMBER
control field gs 15000806
003 - CONTROL NUMBER IDENTIFIER
control field DLC
005 - DATE AND TIME OF LATEST TRANSACTION
control field 20260227111318.0
008 - FIXED-LENGTH DATA ELEMENTS--GENERAL INFORMATION
fixed length control field 791128s1915 dcua f000 0 eng
010 ## - LIBRARY OF CONGRESS CONTROL NUMBER
LC control number gs 15000806
035 ## - SYSTEM CONTROL NUMBER
System control number (OCoLC)5736866
040 ## - CATALOGING SOURCE
Original cataloging agency DLC
Transcribing agency ICharE
Modifying agency DLC
050 00 - LIBRARY OF CONGRESS CALL NUMBER
Classification number TN263
Item number .W45
100 1# - MAIN ENTRY--PERSONAL NAME
Personal name Wells, Roger Clark,
Dates associated with a name 1877-1944.
245 14 - TITLE STATEMENT
Title The Fractional precipitation of some ore-forming compounds at moderate temperatures /
Statement of responsibility, etc. by Roger C. Wells.
260 ## - PUBLICATION, DISTRIBUTION, ETC.
Place of publication, distribution, etc. Washington,
Name of publisher, distributor, etc. Govt. Print. Off.,
Date of publication, distribution, etc. 1915.
300 ## - PHYSICAL DESCRIPTION
Extent 46 p. :
Other physical details diagrs. ;
Dimensions 24 cm.
490 1# - SERIES STATEMENT
Series statement U.S. Geological survey. Bulletin 609
810 1# - SERIES ADDED ENTRY--CORPORATE NAME
Corporate name or jurisdiction name as entry element United States.
Subordinate unit Geological Survey.
Title of a work Bulletin ;
Volume/sequential designation 609.

No items available.

Powered by Koha